ARRUPE JESUIT UNIVERSITY

CORONAVIRUS -STOP THE SPREAD - CLEAN,DISINFECT,COVER

Letter to Daniel (Record no. 120086)

MARC details
000 -LEADER
fixed length control field 00380nam a22001337a 4500
005 - DATE AND TIME OF LATEST TRANSACTION
control field 20140218171910.0
008 - FIXED-LENGTH DATA ELEMENTS--GENERAL INFORMATION
fixed length control field 140218b xxu||||| |||| 00| 0 eng d
050 ## - LIBRARY OF CONGRESS CALL NUMBER
Classification number PZ4.
Item number K2398
100 ## - MAIN ENTRY--PERSONAL NAME
Personal name Keane, Fergal
9 (RLIN) 8749
245 ## - TITLE STATEMENT
Title Letter to Daniel
Remainder of title despatches from the heart
Statement of responsibility, etc Keane, Fergal
260 ## - PUBLICATION, DISTRIBUTION, ETC. (IMPRINT)
Place of publication, distribution, etc London
Name of publisher, distributor, etc BBC Books
Date of publication, distribution, etc 1996
300 ## - PHYSICAL DESCRIPTION
Extent 238p.;
Dimensions 20cm.
942 ## - ADDED ENTRY ELEMENTS (KOHA)
Source of classification or shelving scheme Library of Congress Classification
Item type Monograph ( Printed materials)
Holdings
Withdrawn status Lost status Source of classification or shelving scheme Damaged status Not for loan Collection code Home library Current library Shelving location Date acquired Total Checkouts Full call number Barcode Date last seen Price effective from Koha item type
    Library of Congress Classification     Main Collection ARRUPE LIBRARY ARRUPE LIBRARY Main Collection 18/02/2014   PZ4. K2398 46500000128 02/07/2019 18/02/2014 Monograph ( Printed materials)

 

Arrupe Library. PO Box MP320 Mt Pleasant, Harare, Zimbabwe
263 242 745411|librarian@aju.ac.zw